000 00406nam a2200157 i 4500
001 41067
003 ES-MaACL
005 20230906160352.0
007 t|
008 030307s1933 fr ||||1| fre d
100 1 _aCartier, Edmond.
_935898
245 1 2 _aL'esprit capitaliste /
_cEdmond Cartier.
260 _aParis :
_bVictor Attinger,
_c1933.
300 _a199 p. ;
_c19 cm.
852 _aES-MaACL
_jA-1821
999 _c41067
_d41067